[Event "St Stefan/Belgrade m"]
[Site "Belgrade"]
[Date "1992.??.??"]
[Round "3"]
[White "Fischer, Robert James"]
[Black "Spassky, Boris Vasilievich"]
[Result "1/2-1/2"]
[WhiteElo "2785"]
[BlackElo "2560"]
[Annotator "Ftacnik,L"]
[PlyCount "78"]
[EventDate "1992.09.??"]
[EventType "match"]
[EventRounds "30"]
[EventCountry "YUG"]
[SourceTitle "CBM 031"]
[Source "ChessBase"]
[SourceDate "1992.12.01"]
[SourceVersion "1"]
[SourceVersionDate "1992.12.01"]
[SourceQuality "1"]

1. e4 e5 2. Nf3 Nc6 3. Bb5 a6 4. Ba4 Nf6 5. O-O Be7 6. Re1 b5 7. Bb3 d6 8. c3
O-O 9. h3 Nb8 10. d4 Nbd7 11. Nbd2 Bb7 12. Bc2 Re8 13. Nf1 Bf8 14. Ng3 g6 15.
Bg5 h6 16. Bd2 exd4 $5 $146 17. cxd4 c5 18. Bf4 $6 cxd4 19. Nxd4 Ne5 20. b3 $6
(20. a4 $5) 20... d5 $1 21. Qd2 (21. exd5 Qxd5 22. f3 (22. Ne4 Neg4 $1 23.
Nxf6+ Nxf6 $15) 22... Bc5 23. Be3 Nxf3+ 24. gxf3 Rxe3 $19) (21. Bxe5 Rxe5 22.
f4 Re8 23. e5 Ne4 24. Bxe4 dxe4 25. Nxe4 Bxe4 26. Rxe4 Bc5 27. Qd3 f5 $1 28.
exf6 Rxe4 29. Qxe4 Qxd4+ $19) 21... dxe4 (21... Kh7 22. Bxe5 Rxe5 23. f4 Re8
24. e5 Ne4 25. Bxe4 dxe4 26. Nxe4 Bxe4 27. Rxe4 Bc5 28. b4 Ba7 29. Rd1 Qb6 30.
Kh1 Rad8 31. Qe1) 22. Nxe4 Nd5 $1 23. Bg3 (23. Bxh6 Bb4 24. Qc1 Bxe1 25. Qxe1
f5 26. Bg5 Qb6 $19) 23... Rc8 (23... Bb4 24. Qxh6 Bxe1 25. Rxe1 Qb6 26. Ng5 Nf6
27. Bxe5 $18) 24. Re2 $1 (24. Rad1 $2 Bb4 25. Qxh6 Bxe1 26. Rxe1 Qb6) 24... f5
(24... Nb4 $5 25. Rd1 (25. Bb1 Bg7 $1 26. a3 (26. Qxb4 Qxd4 27. Qxd4 Nf3+ 28.
gxf3 Bxd4 $19) 26... Qxd4 27. Qxd4 Nf3+ 28. gxf3 Bxd4) 25... Nxa2 $17) 25. Bxe5
$8 Rxe5 26. Ng3 Rxe2 27. Ngxe2 Nb4 28. Rd1 Nxc2 29. Nxc2 Qxd2 30. Rxd2 Rc7 31.
Ne3 Kf7 32. h4 $1 Bc8 33. Nf4 g5 34. hxg5 hxg5 35. Nd3 Bg7 36. Nd5 $1 Rc6 37.
N5b4 Rc7 38. Nd5 Rc6 39. N5b4 Rc7 1/2-1/2

[Event "Budapest m"]
[Site "Budapest"]
[Date "1993.??.??"]
[Round "10"]
[White "Polgar, Judit"]
[Black "Spassky, Boris Vasilievich"]
[Result "0-1"]
[WhiteElo "2595"]
[BlackElo "2565"]
[Annotator "Ftacnik,L"]
[PlyCount "148"]
[EventDate "1993.01.??"]
[EventType "match"]
[EventRounds "10"]
[EventCountry "HUN"]
[SourceTitle "CBM 033"]
[Source "ChessBase"]
[SourceDate "1993.04.01"]
[SourceVersion "1"]
[SourceVersionDate "1993.04.01"]
[SourceQuality "1"]

1. e4 e5 2. Nf3 Nc6 3. Bb5 a6 4. Ba4 Nf6 5. O-O Be7 6. Re1 b5 7. Bb3 d6 8. c3
O-O 9. h3 Nb8 10. d4 Nbd7 11. Nbd2 Re8 $2 12. Bc2 $2 (12. Bxf7+) 12... Bb7 13.
Nf1 Bf8 14. Ng3 g6 15. b3 Bg7 16. d5 Nb6 $1 17. Be3 (17. Qe2 c6 18. c4 cxd5 19.
cxd5 Nfxd5 $1 $19 {Unzicker,W-Tal,M/1960/0-1/}) 17... Rc8 18. Qe2 c6 19. c4
cxd5 20. cxd5 Nbxd5 $1 21. exd5 Nxd5 22. b4 $6 Nxb4 23. Bb3 Bd5 24. Red1 Bc4
25. Qd2 Nd3 26. Bh6 d5 27. Bc2 Nc5 28. Re1 $2 (28. Bxg7 Kxg7) 28... Bh8 $1 29.
Rad1 Qb6 30. Qg5 e4 31. Qe3 Bxa2 32. Bb1 Bxb1 (32... Bc4 $1 {/\ a6-a5-a4 etc.})
33. Rxb1 Na4 34. Qxb6 Nxb6 35. Be3 Na4 36. Nd4 Nc3 37. Rbc1 Rc4 38. Nge2 Nxe2+
39. Nxe2 Rd8 (39... f5 $1) 40. g4 d4 41. Rcd1 d3 42. Ng3 Bc3 43. Bd2 Bxd2 44.
Rxd2 Rdd4 45. f3 $1 exf3 46. Kf2 b4 47. Kxf3 Rd8 48. Re7 Rb8 49. Rd7 b3 50.
R7xd3 $1 a5 51. Rb2 a4 52. Ne2 Kg7 53. Ke3 Ra8 54. Nc3 Rb4 55. Nxa4 Raxa4 56.
Rbxb3 Rf4 $1 57. Ke2 Kh6 58. Rf3 Kg5 59. Kf2 Rxf3+ 60. Kxf3 Kh4 61. Kg2 Ra2+
62. Kg1 h5 $1 63. gxh5 Kxh5 64. Rf3 f5 65. Rf4 Re2 66. Kh1 Re4 67. Rf2 Kh4 68.
Kg2 Rb4 69. Kh2 Re4 70. Kg2 f4 $1 71. Kf3 Re5 72. Rg2 (72. Kxf4 Rf5+ 73. Ke3
Rxf2 74. Kxf2 Kxh3 $19) 72... g5 73. Rg4+ Kxh3 74. Rg3+ Kh4 0-1

[Event "Tashkent FIDE GP 2nd"]
[Site "Tashkent"]
[Date "2012.11.22"]
[Round "1"]
[White "Dominguez Perez, Leinier"]
[Black "Karjakin, Sergey"]
[Result "0-1"]
[WhiteElo "2726"]
[BlackElo "2775"]
[Annotator "Ftacnik,L"]
[PlyCount "80"]
[EventDate "2012.11.22"]
[EventType "tourn"]
[EventRounds "11"]
[EventCountry "UZB"]
[EventCategory "20"]
[SourceTitle "CBM 152"]
[Source "ChessBase"]
[SourceDate "2013.01.15"]
[SourceVersion "1"]
[SourceVersionDate "2013.01.15"]
[SourceQuality "1"]

1. e4 e5 2. Nf3 Nc6 3. Bb5 a6 4. Ba4 Nf6 5. O-O Be7 6. Re1 b5 7. Bb3 O-O 8. h3
d6 9. c3 Nb8 10. d4 Nbd7 11. Nbd2 Bb7 12. Bc2 Re8 13. Nf1 Bf8 14. Bg5 {White
is refraining from pursuing the relocation of the knight 14.Ng3, but puts his
faith in the impact of the bishop on the diagonal d8-h4.} h6 15. Bh4 Qc8 {
Karjakin is a very dilligent and extremely gifted young player. His choice of
queen retreat is hinting at the fact that none of the huge number of other
moves was convincing enough for him.} (15... c5 16. dxe5 dxe5 17. N3h2 (17. a4
c4 18. N3h2 Re6 (18... g5 $5 19. Bg3 Nc5 20. Qf3 Qd6 21. Ng4 Nxg4 22. hxg4 $13)
19. Qf3 Qb6 20. Ng4 Be7 21. Nxf6+ Bxf6 22. Bg3 Bg5 23. Ne3 Bxe3 24. Qxe3 Qxe3
25. Rxe3 Nc5 $11 {0-1 (65) Smeets,J (2662)-Anand,V (2810) Wijk aan Zee 2011})
17... Qc7 (17... Be7 $6 18. Ne3 Nh7 19. Bxe7 Rxe7 20. Nf5 $14 {1-0 Romanishin,
O (2485)-Gligoric,S (2575)/Odessa 1975/ (55)}) (17... Qb6 18. Qf3 Re6 19. Ne3
c4 20. Nhg4 Nxg4 21. hxg4 Nf6 22. Rad1 Rae8 23. b3 cxb3 24. axb3 Qc5 25. Nf5
Qc6 $11 {1/2-1/2 (41) Psakhis,L (2580)-Abramovic,B (2475)/Tallinn 1983/MCD})
18. Qf3 Re6 19. Ne3 c4 20. Nhg4 Nxg4 21. hxg4 Rae8 22. Red1 Nc5 23. Rd2 Rd6 $11
{1/2-1/2 (41) Tal,M (2615)-Smejkal,J (2615)/Biel 1976/ Black can most likely
hope for equality in the line with the standard advance 15...c5.}) (15... g6
16. N1h2 Qc8 (16... Bg7 17. dxe5 dxe5 18. Ng4 Qe7 19. Qd2 g5 20. Nxf6+ Nxf6 21.
Bg3 Nh5 22. a4 $11 {1/2-1/2 (62) Gashimov,V (2734)-Svidler,P (2735)/Astrakhan
2010/CBM 137}) 17. dxe5 dxe5 18. a4 Bg7 19. axb5 axb5 20. Qe2 Bc6 21. Ng4 Nxg4
22. hxg4 Nc5 $11 {1/2-1/2 (28) Filippov,A (2620)-Sasikiran,K (2688)/Guangzhou
2010/}) 16. dxe5 {The exchange in the centre is connected with the clear goal
to follow classical play by transferring the knight to g4.} (16. N3d2 d5 (16...
exd4 17. cxd4 c5 $11) 17. dxe5 Nxe4 18. f4 Ndc5 19. Ng3 Nxg3 20. Bxg3 Qd7 21.
Bf2 Rad8 22. b3 b4 23. cxb4 Ne6 24. f5 $14 {1-0 (42) Narayanan,S (2336)-Golod,
V (2579) Trieste 2011}) 16... dxe5 17. N3h2 a5 $5 {The education of the best
players in the world is deserving of great respect. They know about finesses
and alternative plans in known positions. The idea of a rook transfer via a6
was discovered by Spassky, but it has hardly been used in practice.} (17... c5
18. Qf3 Qc6 (18... a5 $5) (18... c4 19. Ne3 a5) 19. Rad1 c4 (19... Qe6 20. b3 (
20. c4 $5)) 20. Ne3 g6 21. Rd2 Be7 22. Red1 Qe6 23. Nhg4 Kg7 (23... h5 24. Nh6+
Kg7 25. Nhf5+ $1) 24. b3 $1 h5 $5 (24... Rab8 25. bxc4 bxc4 26. Ba4 Bxe4 27.
Nxf6 Bxf3 28. Nxe8+ Rxe8 29. Bxd7 Bxd1 30. Bxe6 Bxh4 31. Bd7 $18) 25. Nxf6 Nxf6
26. bxc4 bxc4 27. Bxf6+ Qxf6 28. Qxf6+ Bxf6 29. Nxc4 $14 {1-0 (63) Romanishin,
O (2560)-Spassky,B (2640) Tilburg 1979}) 18. Qf3 Ra6 19. Ng4 {Dominguez was
not able to get an advantage from the opening, but we should admire his
persistence. Navara was also unable to get very far in a recent game after 19.
Ne3.} (19. Ne3 Qa8 20. Rad1 Nc5 21. Bxf6 Rxf6 22. Nf5 b4 23. Ng4 Rfe6 24. a3 b3
25. Bxb3 Bxe4 26. Rxe4 Qxe4 27. Qxe4 Nxe4 28. Bxe6 Rxe6 $11 {1/2 (98) Navara,D
(2691)-Avrukh,B (2596) Sibenik 2012}) 19... Nxg4 20. Qxg4 (20. hxg4 Rg6 21. Ne3
Nf6 22. Nf5 Qe6 (22... Nxg4 23. a4 b4 24. Bb3 Nf6 25. Bxf6 Rxf6 26. Nxh6+ Kh7
27. Nf5 g6 28. Qh3+ Kg8 29. Nh6+ Bxh6 30. Qxh6 Qg4 $11) 23. a4 bxa4 24. Rxa4
Qb6 $11) 20... Nc5 21. Qf3 {White had a chance to finish his pains in looking
for advantage after the swap of the queens on the c8-square.} (21. Qxc8 Rxc8
22. Ne3 Bxe4 (22... Nxe4 23. Nf5 Nc5 24. Ne7+ Bxe7 25. Bxe7 Nd7 26. Rad1 Bc6
27. Be4 Bxe4 28. Rxe4 Nb6 29. Rxe5 $11) 23. Bxe4 Nxe4 24. Nf5 Nd6 25. Rxe5 Nxf5
26. Rxf5 c5 $11) 21... Qa8 22. Rad1 b4 $1 {Karjakin does not have a single
problem so he tries to generate somw initiative on the queenside.} 23. Nd2 Rd6
24. Qe3 (24. Nc4 Rxd1 25. Qxd1 bxc3 26. bxc3 Qa6 $15) 24... Ne6 25. Nc4 Rxd1
26. Rxd1 bxc3 27. bxc3 f6 28. Rb1 $6 {[%mdl 256] If Dominguez Perez had
realised that he should not be frustrated by the results of the opening, he
might still have found the regrouping of the pieces with approximate equality.
Instead of this he begins to play without a plan and understanding.} (28. Qe1
$1 a4 29. f3 Ba6 30. Ne3 Qc6 31. Bf2 $11) 28... a4 29. Kh1 (29. Kh2 Qa6 30. Nb2
Bc6 $15) 29... Ba6 30. Nb2 (30. Bd3 $2 Nc5 $17) 30... a3 31. Nd3 Bc4 32. Bb3 $2
{The exemplary case for the false exchange of pieces. The problem with the
absence of the light squarred bishop lies in its former defensive functions.
Now White will not be able to hold the d file and his defence will collapse in
a few moves.} (32. Nc1 Rd8 33. Nb3 Qa6 34. f3 Nf4 $15) 32... Bxb3 33. Rxb3 (33.
axb3 Qc6 34. Qe1 Qb5 $17) 33... Rd8 34. Rb1 (34. c4 Qa4 35. Qc1 Nd4 36. Rb1 Ne2
37. Qe1 Qc2 38. Nxe5 Qxa2 $19) (34. Kh2 Qa6 35. Nb4 Qc4 36. Qe1 Nc5 37. Rxa3
Nxe4 $17) (34. f3 Qa6 $19) 34... Qa4 35. Nb4 Nf4 36. Bg3 c5 {Karjakin was
already in the position to choose between various forms of realising the
advantage. The attack along the back rank seemed to be enticing, but also the
chosen continuation is hpeless for the defender.} (36... Rd1+ 37. Rxd1 Qxd1+
38. Kh2 Ne2 39. f3 c5 40. Nd5 Qc2 41. Be1 Qxa2 $19) 37. Nd5 Nxd5 38. exd5 Qc2
39. Rb7 $6 {The first and the last "active" move in the game, White was
certainly nearly struggling with time trouble. The fight is effectively over,
since no force can stop the pawn any more.} (39. Qc1 Qxa2 40. Ra1 Qb2 41. Qxb2
axb2 42. Rb1 Rxd5 43. Rxb2 Rd1+ 44. Kh2 Rc1 45. f4 exf4 46. Bxf4 Rxc3 $17) (39.
Ra1 Rxd5 40. Kh2 Qb2 41. Qe1 Rd2 $19) 39... Qxa2 40. Ra7 Qb1+ 0-1

[Event "Budapest m"]
[Site "Budapest"]
[Date "1993.??.??"]
[Round "8"]
[White "Polgar, Judit"]
[Black "Spassky, Boris Vasilievich"]
[Result "1-0"]
[WhiteElo "2595"]
[BlackElo "2565"]
[Annotator "Ftacnik,L"]
[PlyCount "83"]
[EventDate "1993.01.??"]
[EventType "match"]
[EventRounds "10"]
[EventCountry "HUN"]
[SourceTitle "CBM 033"]
[Source "ChessBase"]
[SourceDate "1993.04.01"]
[SourceVersion "1"]
[SourceVersionDate "1993.04.01"]
[SourceQuality "1"]

1. e4 e5 2. Nf3 Nc6 3. Bb5 a6 4. Ba4 Nf6 5. O-O Be7 6. Re1 b5 7. Bb3 d6 8. c3
O-O 9. h3 Nb8 10. d4 Nbd7 11. Nbd2 Bb7 12. Bc2 Re8 13. Nf1 Bf8 14. Ng3 g6 15.
b3 d5 16. Bg5 $1 (16. exd5 Nxd5 17. dxe5 Nxc3 18. Qd3 (18. Qd4 Nxe5 $1 19. Qxc3
$2 Nxf3+ 20. gxf3 Bg7) 18... Nd5 19. Bg5 Qc8 20. Qd4 Bg7 21. Nf5 $5 gxf5 22.
Bxf5 Re6 23. Qh4 Nf8 24. Nd4 c5 25. Rac1 Qc7 26. Nxe6 fxe6 27. Bb1 Rc8 $17 {
Polgar,J-Beliavsky,A/Munich/1991/}) (16. dxe5 Nxe5 17. Nxe5 Rxe5 18. f4 (18.
Bf4 Re6 $1) 18... Rxe4 $1 19. Nxe4 dxe4 $44) 16... h6 17. Bh4 $5 (17. Bxf6 Qxf6
18. exd5 exd4) 17... dxe4 $2 (17... g5 $5 18. Nxg5 hxg5 19. Bxg5 Be7 20. Nf5
$40) 18. Nxe4 g5 19. dxe5 $1 Nxe4 (19... Nxe5 $2 20. Qxd8 Nxf3+ 21. gxf3 Rexd8
22. Nxf6+ Kg7 23. Nh5+ Kh8 24. Bg3 $18) 20. Bxe4 Bxe4 21. Rxe4 gxh4 22. Rd4 Re7
(22... Qc8 $5 23. Rxd7 Bd6 $1 24. Rxd6 cxd6 25. Qxd6 (25. exd6 Qxc3 26. Rc1 $16
) 25... Qxc3 26. Re1 $16) 23. e6 $1 fxe6 24. Ne5 Rg7 25. Rxd7 Qg5 26. Qf3 Rd8
27. Rxg7+ Qxg7 28. Re1 Bc5 29. Ng4 Qg6 30. Qf4 Bb6 (30... Rf8 31. Qxc7) 31.
Nxh6+ Kg7 32. Qxh4 $1 Qf6 (32... Rh8 33. Qe7+ Kxh6 34. Rxe6 $18) 33. Qxf6+ Kxf6
34. Re2 Rd1+ 35. Kh2 Rc1 36. g4 Rxc3 37. h4 Rd3 38. g5+ Ke7 39. g6 Kf8 (39...
Kf6 40. h5 Rd5 41. Ng4+ Kg7 42. h6+ Kxg6 43. Rxe6+ Kf5 44. h7 Bd4 (44... Rd8
45. Rf6+ $1 Kg5 (45... Kxg4 46. Rg6+ Kf5 47. Rg8 $18) 46. Kg3 Rh8 47. f4+ Kh5
48. Rh6#) 45. Rf6+ $3 Bxf6 46. Nxf6 Rd8 47. Ng8 $18) 40. Rxe6 Rf3 41. Ng4 Rf5 (
41... Bxf2 42. Nxf2 Rxf2+ 43. Kg3 Rxa2 44. h5 $18) 42. Kg3 1-0

[Event "Candidates final"]
[Site "El Escorial"]
[Date "1993.??.??"]
[Round "2"]
[White "Short, Nigel D"]
[Black "Timman, Jan H"]
[Result "0-1"]
[WhiteElo "2655"]
[BlackElo "2635"]
[Annotator "Ftacnik,L"]
[PlyCount "64"]
[EventDate "1993.01.??"]
[EventType "match"]
[EventRounds "13"]
[EventCountry "ESP"]
[SourceTitle "Candidates"]
[Source "ChessBase"]
[SourceDate "1999.07.01"]
[SourceVersion "2"]
[SourceVersionDate "1999.07.01"]
[SourceQuality "1"]

1. e4 e5 2. Nf3 Nc6 3. Bb5 a6 4. Ba4 Nf6 5. O-O Be7 6. Re1 (6. Qe2 b5 7. Bb3
O-O 8. c3 d5 9. d3 Bb7 10. Nbd2 Re8 11. a3 $5 Bf8 12. Ba2 Nb8 $1 13. Re1 Nbd7
14. Nf1 c5 $10 {Short,N-Timman,J/Amsterdam KRO/1992/}) 6... b5 7. Bb3 d6 8. c3
O-O 9. h3 Bb7 10. d4 Re8 11. Nbd2 Bf8 12. Bc2 Nb8 13. a4 (13. Nf1 Nbd7 14. Ng3)
13... Nbd7 14. Bd3 c6 15. b3 (15. Qc2 Rc8 16. axb5 axb5 17. b4 g6 18. Bb2 Nh5
19. g3 exd4 20. cxd4 d5 21. Bc3 Nb6 22. e5 Rc7 23. Nb3 Bc8 $10 {Portisch,
L-Short,N/Wijk/1990/}) 15... g6 16. Qc2 (16. Bb2 Bg7 17. Bf1 Qc7 18. Ra2 d5 $1
19. axb5 cxb5 20. exd5 Nxd5 $132 {Cseshkovsky-Dorfman,I/Erevan/1982/}) (16. Ba3
Qc7 17. Qc2 Bg7 18. Rad1 $5 d5 19. exd5 Nxd5 20. Ne4 exd4 21. cxd4 b4 22. Bb2
a5 23. Bc4 N7b6 24. Bf1 Bc8 25. Nc5 Bf5 $14 {Ivanchuk,V-Beliavsky,A/Linares/
1990/}) 16... Bg7 (16... Nh5 17. Bb2 Nf4 18. Bf1 Bg7 19. Rad1 Ne6 20. Qb1 $6 (
20. b4 $1 Qc7 21. Nb3) 20... Qc7 21. g3 (21. Qa1 $6 d5 $1) 21... bxa4 22. bxa4
d5 $10 {Aseev-Georgiev,G/Lvov/1990/}) 17. Bb2 Qc7 (17... Qb6 18. Rad1 Rac8 19.
Qb1 Nh5 20. Bf1 c5 21. Qa1 {0,5/Nunn,J-Portisch,L/Rotterdam/1989/}) (17... Nh5
18. Bf1 Qb6 19. b4 Nf4 20. dxe5 Nxe5 21. Nxe5 dxe5 22. c4 $14 {Karpov,
An-Beliavsky,A/Biel/1992/}) 18. Rad1 Rac8 (18... d5 19. Nxe5 Nxe5 20. dxe5 Nxe4
(20... dxe4 21. Bxb5 $5) 21. Bxe4 dxe4 22. Nxe4 Qxe5 23. Rd7 $36) 19. Qb1 (19.
dxe5 dxe5 20. c4 bxa4 21. bxa4 Nc5) 19... Nh5 20. Bf1 (20. b4 Nf4 21. Bf1 bxa4
22. dxe5 dxe5 23. Nc4 $14) 20... bxa4 21. bxa4 d5 $1 22. Qa2 (22. exd5 cxd5 23.
dxe5 Nxe5 24. Nxe5 Bxe5 25. Nf3 Bg7 26. Nd4 $10) 22... Rcd8 23. Rc1 $2 (23. c4
$5 dxe4 24. Nxe4 exd4 25. c5 $13) 23... Bh6 $1 24. exd5 cxd5 25. c4 $4 (25.
dxe5 Nxe5 $15) 25... e4 26. cxd5 Qf4 27. Rb1 (27. g3 Nxg3 28. fxg3 Qxg3+ 29.
Bg2 exf3 30. Nxf3 Bxc1 31. Rxc1 Nf6 $19) (27. Qb3 exf3 (27... Bc8 28. g3 Nxg3
29. Nh2) 28. Rxe8+ Rxe8 29. Qxb7 Qxd2 30. Qxd7 Nf6 31. Qb7 Ne4 $19) 27... exf3
28. Rxe8+ Rxe8 29. Nxf3 Qf5 $1 30. Bc4 (30. Ne5 Nxe5 31. dxe5 Bxd5 $1 $19)
30... Nf4 31. Bc1 Bxd5 32. Bxd5 Nxd5 (32... Nxd5 33. Bxh6 Nc3 $19) 0-1

[Event "St Stefan/Belgrade m"]
[Site "Belgrade"]
[Date "1992.??.??"]
[Round "5"]
[White "Fischer, Robert James"]
[Black "Spassky, Boris Vasilievich"]
[Result "0-1"]
[WhiteElo "2785"]
[BlackElo "2560"]
[Annotator "Ftacnik,L"]
[PlyCount "90"]
[EventDate "1992.09.??"]
[EventType "match"]
[EventRounds "30"]
[EventCountry "YUG"]
[SourceTitle "CBM 031"]
[Source "ChessBase"]
[SourceDate "1992.12.01"]
[SourceVersion "1"]
[SourceVersionDate "1992.12.01"]
[SourceQuality "1"]

1. e4 e5 2. Nf3 Nc6 3. Bb5 a6 4. Ba4 Nf6 5. O-O Be7 6. Re1 b5 7. Bb3 d6 8. c3
O-O 9. h3 Nb8 10. d4 Nbd7 11. Nbd2 Bb7 12. Bc2 Re8 13. Nf1 Bf8 14. Ng3 g6 15.
Bg5 h6 16. Bd2 exd4 17. cxd4 c5 18. d5 $1 $146 Nb6 19. Ba5 (19. h4 $5 Bc8 20.
h5 g5 $1 21. Ba5 Rb8 $10) (19. Qc1 $5 Kh7 20. h4 $36) 19... Nfd7 20. b3 (20.
Nd2 Bg7 21. Rb1 Qh4 $10) 20... Bg7 21. Rc1 Qf6 22. Rb1 $6 (22. h4 $5 h5 23. e5
$1 (23. Re3 $5 Bh6 24. Ng5 $36) 23... dxe5 24. Ne4 Qe7 25. d6 Qd8 (25... Qf8
26. Bxb6 Nxb6 27. Nxc5 $16) 26. b4 (26. Nfg5 $5) 26... c4 (26... cxb4 27. Bb3
$40) 27. Nc5 $44) (22. e5 $5 dxe5 (22... Nxe5 $2 23. Bxb6) 23. Ne4 Qe7 $13)
22... b4 23. Ne2 $6 (23. Qc1 Nc8 24. a3 bxa3 25. Qxa3 Na7 $13) 23... Qe7 24. a3
$2 (24. Qc1) 24... bxa3 25. Bc3 f5 $5 26. Bxg7 Qxg7 27. Nf4 $6 fxe4 28. Nh4 (
28. Bxe4 a2 29. Rc1 Nf6 30. Bxg6 Rxe1+ 31. Qxe1 Nfxd5 32. Nxd5 Nxd5 33. Be4 Nf4
$1 34. g3 Re8 $19) (28. Ne6 Qf7 29. Bxe4 Nf6 $17) 28... g5 29. Ne6 (29. Nh5 Qf7
30. Bxe4 gxh4 31. Qg4+ Kh8 32. Bg6 Rxe1+ 33. Rxe1 Qf8 $19) 29... Qf6 30. Qg4
Nxd5 $1 31. Nxg5 (31. Qxe4 Nf8 $1 $19) 31... hxg5 32. Qxd7 Nb4 $1 (32... Re7
33. Qg4 Bc8 34. Qg3 Kf8 $19) 33. Qxb7 Nxc2 34. Rxe4 a2 35. Rf1 Nb4 (35... a1=Q
36. Qd5+ Kh8 37. Rxa1 Qxa1+ 38. Kh2 Qf6 $19) 36. Rg4 a1=Q 37. Rxa1 Qxa1+ 38.
Kh2 Qg7 39. Qf3 Qe5+ 40. g3 (40. Rg3 $5 Ra7 41. Qh5 Rh7 $19) 40... Rf8 41. Qg2
Qf6 42. f4 Ra7 43. Rxg5+ Rg7 44. Rh5 Qe6 45. g4 Rxf4 0-1

[Event "Budapest m"]
[Site "Budapest"]
[Date "1993.??.??"]
[Round "2"]
[White "Polgar, Judit"]
[Black "Spassky, Boris Vasilievich"]
[Result "1-0"]
[WhiteElo "2595"]
[BlackElo "2565"]
[Annotator "Ftacnik,L"]
[PlyCount "80"]
[EventDate "1993.01.??"]
[EventType "match"]
[EventRounds "10"]
[EventCountry "HUN"]
[SourceTitle "CBM 033"]
[Source "ChessBase"]
[SourceDate "1993.04.01"]
[SourceVersion "1"]
[SourceVersionDate "1993.04.01"]
[SourceQuality "1"]

1. e4 e5 2. Nf3 Nc6 3. Bb5 a6 4. Ba4 Nf6 5. O-O Be7 6. Re1 b5 7. Bb3 O-O 8. c3
d6 9. h3 Nb8 10. d4 Nbd7 11. Nbd2 Bb7 12. Bc2 Re8 13. Nf1 Bf8 14. Ng3 g6 15. b3
{Die 15.b3 Variante ist mit dem Sekundanten Lev Psakhis speziell für den
Spassky-Wettkampf vorbereitet worden.} (15. a4 {Üblich}) 15... Bg7 (15... c5 $5
) 16. d5 Bf8 $5 {In Verbindung mit dem geplanten Vorstoss ...c7-c6 sinnvoll.}
17. Bg5 h6 18. Be3 c6 19. c4 a5 20. Qd2 Kh7 21. Nh2 b4 $6 (21... bxc4 $6 22.
bxc4 Ba6 23. Ba4 $1) (21... a4 $5 $132) (21... Ba6 $5 22. dxc6 (22. Bd3 $2 bxc4
23. bxc4 Nc5) 22... Nc5 23. cxb5 Bxb5 $36) 22. Ng4 Nxg4 23. hxg4 Qh4 $2 {
Richtet sich gegen den weissen Plan 24.f3, 25.Kf2, 26.Rh1} 24. g5 $1 c5 $2 (
24... hxg5 25. dxc6 $1 (25. Bxg5 Bh6 $1 26. Bxh4 Bxd2 $13) 25... Bxc6 26. Bxg5
Bh6 27. Qxd6 Bxg5 28. Qxc6 $16) (24... cxd5 25. exd5 (25. cxd5 hxg5 26. Bxg5
Bh6 $1 $10) 25... hxg5 26. Bxg5 Bh6 $14) 25. Nf1 $1 f6 (25... hxg5 26. Bxg5 Bh6
27. Bxh4 Bxd2 28. Nxd2 $18) (25... Qg4 26. Bd1 Qh4 27. Nh2 $18) 26. g3 Qh3 27.
f3 fxg5 28. Re2 Nf6 29. g4 $1 Qxf3 30. Nh2 Qh3 (30... Qg3+ 31. Rg2 Qh3 32. Rf1
$18) 31. Rf1 Nxg4 32. Rf7+ Bg7 (32... Kg8 33. Rxb7 Nxe3 34. Rxe3 Qc8 35. Rb6 h5
36. Rg3 g4 37. Qg5 Kh7 38. Nxg4 $1 $18) 33. Nxg4 Qxg4+ 34. Rg2 Qh3 (34... Qc8
35. Bxg5 $18) 35. Rxb7 Rf8 $2 (35... Kg8 $1 $16) 36. Bxg5 $1 hxg5 37. Qxg5 Qh6
38. Qxh6+ (38. Rh2 Rf1+ 39. Kxf1 Qxh2) 38... Kxh6 39. Rh2+ Kg5 40. Rxg7 Rf3
$138 1-0